The Missing Link #2 - Statistics

General Stats
  • This quiz has been taken 102 times
  • The average score is 9 of 15
Answer Stats
Picture Hint Answer % Correct
POTUS Donald Trump
99%
UK Leader Boris Johnson
90%
Socialite Paris Hilton
82%
Basketball Player Michael Jordan
75%
Film Producer Woody Allen
74%
TV Judge Judy Sheindlin
70%
Superman Christopher Reeve
62%
First Lady Barbara Bush
58%
Actor Humphrey Bogart
55%
Rapper 50 Cent
51%
Singer Songwriter Barry Manilow
49%
Actress / Wife Priscilla Presley
45%
Fashion Designer Vera Wang
37%
Whats the Link ? All born in New York City
8%
Nazi Propagandist William Joyce / Lord Haw Haw
5%
No matching quizzes found
Score Distribution
Percent of People with Each Score
Percentile by Number Answered
Your Score History
You have not taken this quiz